<?xml version="1.0" encoding="UTF-8"?><?xml-stylesheet type="text/xsl" href="static/style.xsl"?><OAI-PMH xmlns="http://www.openarchives.org/OAI/2.0/" xmlns:xsi="http://www.w3.org/2001/XMLSchema-instance" xsi:schemaLocation="http://www.openarchives.org/OAI/2.0/ http://www.openarchives.org/OAI/2.0/OAI-PMH.xsd"><responseDate>2026-04-17T11:55:45Z</responseDate><request verb="GetRecord" identifier="oai:www.recercat.cat:10230/59989" metadataPrefix="marc">https://recercat.cat/oai/request</request><GetRecord><record><header><identifier>oai:recercat.cat:10230/59989</identifier><datestamp>2025-12-20T16:51:24Z</datestamp><setSpec>com_2072_6</setSpec><setSpec>col_2072_452952</setSpec></header><metadata><record xmlns="http://www.loc.gov/MARC21/slim" xmlns:dcterms="http://purl.org/dc/terms/" xmlns:xsi="http://www.w3.org/2001/XMLSchema-instance" xmlns:doc="http://www.lyncode.com/xoai" xsi:schemaLocation="http://www.loc.gov/MARC21/slim http://www.loc.gov/standards/marcxml/schema/MARC21slim.xsd">
   <leader>00925njm 22002777a 4500</leader>
   <datafield ind2=" " ind1=" " tag="042">
      <subfield code="a">dc</subfield>
   </datafield>
   <datafield ind2=" " ind1=" " tag="720">
      <subfield code="a">Coello de la Rosa, Alexandre</subfield>
      <subfield code="e">author</subfield>
   </datafield>
   <datafield ind2=" " ind1=" " tag="260">
      <subfield code="c">2024-05-03T06:01:20Z</subfield>
   </datafield>
   <datafield ind2=" " ind1=" " tag="260">
      <subfield code="c">2024-05-03T06:01:20Z</subfield>
   </datafield>
   <datafield ind2=" " ind1=" " tag="260">
      <subfield code="c">2023</subfield>
   </datafield>
   <datafield ind2=" " ind1=" " tag="520">
      <subfield code="a">Entre 1635 y 1641 el gobernador de Filipinas, Sebastián Hurtado de Corcuera, y el arzobispo de Manila, fray Hernando Guerrero, mantuvieron un agrio enfrentamiento, con ramificaciones en la Real Audiencia, el cabildo eclesiástico y las órdenes religiosas, el cual finalmente tuvo dramáticas consecuencias para ambos. En este artículo se estudia la conflictividad política y eclesiástica a partir de las fuentes coetáneas e historiográficas que narran estos sucesos. Los resultados muestran la compleja naturaleza de las relaciones entre el poder civil y el eclesiástico en las Filipinas de mediados del siglo XVII y los conflictos jurisdiccionales que existían entre las instituciones coloniales en aquel periodo.</subfield>
   </datafield>
   <datafield tag="653" ind2=" " ind1=" ">
      <subfield code="a">Hernando Guerrero</subfield>
   </datafield>
   <datafield tag="653" ind2=" " ind1=" ">
      <subfield code="a">Hurtado de Corcuera</subfield>
   </datafield>
   <datafield tag="653" ind2=" " ind1=" ">
      <subfield code="a">Manila</subfield>
   </datafield>
   <datafield tag="653" ind2=" " ind1=" ">
      <subfield code="a">cabildo eclesiástico</subfield>
   </datafield>
   <datafield tag="653" ind2=" " ind1=" ">
      <subfield code="a">siglo xvii</subfield>
   </datafield>
   <datafield ind2="0" ind1="0" tag="245">
      <subfield code="a">Conflictividad y poder eclesiástico en el arzobispado de Manila, 1635-1641</subfield>
   </datafield>
</record></metadata></record></GetRecord></OAI-PMH>